ბათუმის შოთა რუსთაველის სახელმწიფო უნივერსიტეტის ბიბლიოთეკა

პოლემიკა ანტონ ბაგრატიონის (ანტონ პირველის) გარშემო (ბიბ.ჩანაწერი № 50997)

000 -LEADER
fixed length control field 01083nam a2200229Ia 4500
001 - CONTROL NUMBER
control field 17954
003 - CONTROL NUMBER IDENTIFIER
control field GE_BSU
008 - FIXED-LENGTH DATA ELEMENTS--GENERAL INFORMATION
fixed length control field 181216s||||||||xx |||||||||||||| ||und||
040 ## - CATALOGING SOURCE
Transcribing agency GE_BSU
080 ## - UNIVERSAL DECIMAL CLASSIFICATION NUMBER
Universal Decimal Classification number 811.353.1(092)
100 ## - MAIN ENTRY--PERSONAL NAME
Personal name ფოცხიშვილი, ალექსანდრე
245 ## - TITLE STATEMENT
Title პოლემიკა ანტონ ბაგრატიონის (ანტონ პირველის) გარშემო
245 ## - TITLE STATEMENT
Statement of responsibility, etc. რედ.: ა. ონიანი.
260 ## - PUBLICATION, DISTRIBUTION, ETC.
Place of publication, distribution, etc. თბილისი
260 ## - PUBLICATION, DISTRIBUTION, ETC.
Name of publisher, distributor, etc. მეცნიერება
260 ## - PUBLICATION, DISTRIBUTION, ETC.
Date of publication, distribution, etc. 1990
300 ## - PHYSICAL DESCRIPTION
Extent 110 გვ. ; 21 სმ.
653 ## - INDEX TERM--UNCONTROLLED
Uncontrolled term პოლემიკა ანტონ ბაგრატიონის (ანტონ პირველის) გარშემო
653 ## - INDEX TERM--UNCONTROLLED
Uncontrolled term საქართველოს კათალიკოსები; საქართველოს მართლმადიდებლური ეკლესია; ქართველი მეცნიერები
942 ## - ADDED ENTRY ELEMENTS (KOHA)
Koha item type წიგნი
ეგზემპლარები
Withdrawn status Lost status Damaged status Not for loan Date acquired Barcode Date last seen Price effective from Koha item type
        2018-12-17 45909 2018-12-17 2018-12-17 წიგნი